<?xml version="1.0" encoding="UTF-8"?>
<collection xmlns="http://www.loc.gov/MARC21/slim">
  <record>
    <leader>00000nam  2200000   4500</leader>
    <controlfield tag="001">INLIS000000000020053</controlfield>
    <controlfield tag="005">20250519112849</controlfield>
    <datafield tag="035" ind1="#" ind2="#">
      <subfield code="a">0010-0525000136</subfield>
    </datafield>
    <controlfield tag="007">ta</controlfield>
    <controlfield tag="008">250519################|##########|#|##</controlfield>
    <datafield tag="084" ind1="#" ind2="#">
      <subfield code="a">R 0062 PKN II 2024</subfield>
    </datafield>
    <datafield tag="100" ind1=" " ind2="#">
      <subfield code="a">Herri Okstarizal</subfield>
    </datafield>
    <datafield tag="245" ind1="1" ind2="#">
      <subfield code="a">Strategi Peningkatan Integritas Pada Aparatur Sipil Negara Dilingkungan Pemerintah Kota Pematangsiantar /</subfield>
      <subfield code="c">Herri Okstarizal</subfield>
    </datafield>
    <datafield tag="250" ind1="#" ind2="#">
      <subfield code="a">1</subfield>
    </datafield>
    <datafield tag="260" ind1="#" ind2="#">
      <subfield code="a">Jakarta :</subfield>
      <subfield code="b">Pusbangkom Pimnas,</subfield>
      <subfield code="c">2024</subfield>
    </datafield>
    <datafield tag="300" ind1="#" ind2="#">
      <subfield code="a">183 :</subfield>
      <subfield code="b">ilus ;</subfield>
      <subfield code="c">29 x 21 x 2</subfield>
    </datafield>
    <datafield tag="650" ind1="#" ind2="4">
      <subfield code="a">SDM</subfield>
    </datafield>
    <datafield tag="520" ind1="#" ind2="#">
      <subfield code="a">“Strategi Peningkatan Integritas Aparatur Sipil Negara Dilingkungan&#13;
Pemerintah Kota Pematangsiantar“ (Dibimbing oleh Ibu Lolly Martina Martief). Proyek&#13;
Perubahan ini bertujuan untuk menyelesaikan tugas dalam kegiatan PKN II dan&#13;
tersusunnya kebijakan Pembangunan Integritas Aparatur Sipil Negara Di lingkungan&#13;
Pemerintah Kota Pematangsiantar. Proyek Perubahan dilaksanakan melalui 8 tahapan&#13;
yaitu (1) Pembentukan tim efektif proyek perubahan; (2) Terlaksananya koordinasi dan&#13;
konsolidasi dengan stakeholder; (3) Terbentuknya Tim Pembangunan Integritas Aparatur&#13;
Sipil Negara pada Pemerintah Kota Pematangsiantar; (4) Tersedianya Surat Edaran Wali&#13;
Kota Pematangsiantar tentang Peningkatan Integritas Pada Aparatur Sipil Negara&#13;
Pemerintah Kota Pematangsiantar; (5) Terbitnya Keputusan Wali Kota Pematangsiantar&#13;
tentang Tim Pembahasan Peraturan Wali Kota Pematangsiantar tentang Pembangunan&#13;
Integritas di lingkungan pemerintah Kota Pematangsiantar; (6) Finalisasi rancangan&#13;
Peraturan Wali Kota Pematangsiantar tentang Pembangunan Integritas di Lingkungan&#13;
Pemerintah Kota Pematangsiantar; (7) Penandatanganan Pakta Integritas, Komitmen&#13;
Kode Etik dan Kode Prilaku serta Pendidikan Anti Korupsi dan integritas melalui&#13;
aplikasi ACLC-KPK; (8) terbitnya surat Permohonan Fasilitasi Peraturan Walikota&#13;
tentang Pembangunan Integritas di Lingkungan Pemerintah Kota Pematangsiantar.</subfield>
    </datafield>
    <datafield tag="856" ind1="#" ind2="#">
      <subfield code="a">Perpustakaan Pusat LAN</subfield>
    </datafield>
    <datafield tag="990" ind1="#" ind2="#">
      <subfield code="a">2024/1.2,2/A/0062</subfield>
    </datafield>
  </record>
</collection>
